أثر لغة الدينكا على اللغة العربية فى منطقة الرنك
Saved in:
| 主要作者: | |
|---|---|
| 其他作者: | |
| 格式: | Thesis |
| 语言: | Arabic |
| 出版: |
خرطوم
: معهد خرطوم دولى غة عربية،
1986
|
| 主题: | |
| 标签: |
添加标签
没有标签, 成为第一个标记此记录!
|
| LEADER | 014390000a22003490004500 | ||
|---|---|---|---|
| 001 | 82331 | ||
| 005 | 20021114215500.0 | ||
| 008 | 940322s1986 ara | ||
| 035 | |a 305115 | ||
| 035 | |a (Sirsi) 82331 | ||
| 040 | |a UIAM |b eng | ||
| 049 | |b m | ||
| 050 | |a PL8131 | ||
| 100 | 1 | |a كاك، كاك لانكى | |
| 245 | 1 | 0 | |a أثر لغة الدينكا على اللغة العربية فى منطقة الرنك |
| 246 | 0 | 0 | |a Athar lughat al-Dinka 'ala al-lughah al-'Arabiyah fi mantiqat al-Rank / |c i'dad Kak Lanki Kak; ishraf 'Ushari Ahmad Mahmud |
| 260 | 1 | |a خرطوم |b : معهد خرطوم دولى غة عربية، |c 1986 | |
| 300 | |a 50, 30 p. ;31 cm. | ||
| 502 | |a (Dip.)--Ma'had al-Khartum al-Duwali lil-Lughat al-'Arabiyah, 1986 | ||
| 596 | |a 1 | ||
| 650 | 8 | |a لغة دينكا |x تأثيرها على عربية | |
| 650 | 8 | |a لغة دينكا |x نطق مقارن عربية | |
| 650 | 8 | |a لغة عربية |x نطق مقارن دينكا | |
| 650 | 8 | |a رسالة جامعية | |
| 650 | 0 | |a Dinka language - Influence on Arabic | |
| 650 | 0 | |a Dinka language - Phonology, Comparative - Arabic | |
| 650 | 0 | |a Arabic language |x Phonology, Comparative |z Dinka | |
| 655 | 0 | 7 | |a Theses, non-IIUM |
| 700 | 1 | |a Kak, Kak Lanki | |
| 900 | |a checked a r r 160496 | ||
| 999 | |c 430486 |d 461977 | ||
| 952 | |0 0 |6 T PL 008131 K13A |7 0 |8 THESES |9 749745 |a IIUM |b IIUM |c MULTIMEDIA |g 0.00 |o t PL8131K13A |p 00000305118 |r 2017-10-20 |t 1 |v 0.00 |y THESIS | ||
